[Event "Mercredi 2023.04.05 ABCD"]
[Site "Montreal CAN"]
[Date "2023.04.26"]
[Round "4"]
[White "Lisee, Pierre"]
[Black "Allaire, Denis"]
[Result "1/2-1/2"]
[WhiteElo "1710"]
[BlackElo "1676"]
[PlyCount "140"]
[EventDate "2023.04.05"]
[EventType "tourn"]
[EventRounds "5"]
[EventCountry "CAN"]

1. e4 e5 2. Nf3 Nf6 3. Nxe5 Nxe4 4. Qe2 Qe7 5. Qxe4 d6 6. f4 dxe5 7. fxe5 Nc6
8. d4 f5 9. Qe3 Qh4+ 10. g3 Qxd4 11. Qxd4 Nxd4 12. Bd3 Be6 13. Nc3 Nf3+ 14. Kf2
Nxe5 15. Re1 Nxd3+ 16. cxd3 Kf7 17. Be3 a6 18. Re2 Rd8 19. d4 Bb4 20. Rc1 c6
21. a3 Bd6 22. Na4 Bd5 23. Nc5 Rb8 24. Bf4 Bxf4 25. gxf4 Rhe8 26. Rce1 Rxe2+
27. Rxe2 a5 28. Nd7 Rd8 29. Ne5+ Kf6 30. h4 Be4 31. Ke3 Rd5 32. Rd2 Rb5 33. Nc4
Rb3+ 34. Kf2 Rf3+ 35. Ke2 b5 36. Nxa5 Rxf4 37. Nb7 Rxh4 38. Nc5 Rh2+ 39. Ke1
Rxd2 40. Kxd2 Bd5 41. b3 h5 42. a4 bxa4 43. bxa4 h4 44. a5 h3 45. a6 h2 46. a7
h1=Q 47. a8=Q Qg2+ 48. Kc3 Qe2 49. Qd8+ Kg6 50. Qd6+ Kg5 51. Qg3+ Qg4 52. Qe5
Kh4 53. Nd3 Be4 54. Nf4 Qg3+ 55. Kc4 g5 56. Ng6+ Kg4 57. Qh8 Qd3+ 58. Kc5 Qa3+
59. Kb6 Qb3+ 60. Kc5 Qb5+ 61. Kd6 Qd5+ 62. Ke7 f4 63. Ne5+ Kg3 64. Qh5 Qxd4 65.
Qxg5+ Kf2 66. Qxf4+ Ke2 67. Qg4+ Kf1 68. Qf4+ Kg2 69. Qg4+ Kf2 70. Qf4+ Kg2
1/2-1/2

[Event "Mercredi 2023.04.05 ABCD"]
[Site "Montreal CAN"]
[Date "2023.04.26"]
[Round "4"]
[White "Lopez, Lizandro"]
[Black "Singher, Jean-Pierre"]
[Result "1-0"]
[WhiteElo "2067"]
[BlackElo "2022"]
[PlyCount "81"]
[EventDate "2023.04.05"]
[EventType "tourn"]
[EventRounds "5"]
[EventCountry "CAN"]

1. d4 d5 2. Nf3 Nf6 3. c4 c6 4. Nc3 e6 5. Bg5 Nbd7 6. e3 Be7 7. Rc1 O-O 8. Bd3
dxc4 9. Bxc4 b5 10. Bd3 Bb7 11. O-O a6 12. Bxf6 Nxf6 13. Ne4 Nd7 14. Bb1 Rc8
15. Qc2 g6 16. Nc5 Nxc5 17. dxc5 Qc7 18. Qc3 Rcd8 19. b4 Bc8 20. h4 e5 21. Qxe5
Qd7 22. h5 Rfe8 23. hxg6 hxg6 24. Nd4 Bf8 25. Qg3 Bg7 26. Rfd1 Qg4 27. Qxg4
Bxg4 28. f3 Rxe3 29. Nxc6 Rxd1+ 30. Rxd1 Be6 31. Kf2 Ra3 32. Nd8 Bxa2 33. Be4
Bb3 34. c6 Be5 35. Rd7 Bc4 36. c7 Ra2+ 37. Ke1 Rxg2 38. c8=Q Bc3+ 39. Kd1 Bb3+
40. Bc2 Rg1+ 41. Ke2 1-0

[Event "Mercredi 2023.04.05 ABCD"]
[Site "Montreal CAN"]
[Date "2023.04.26"]
[Round "4"]
[White "Nardone, Raul"]
[Black "Beaulieu, Pierre"]
[Result "1/2-1/2"]
[WhiteElo "1797"]
[BlackElo "1850"]
[PlyCount "82"]
[EventDate "2023.04.05"]
[EventType "tourn"]
[EventRounds "5"]
[EventCountry "CAN"]

1. c4 Nf6 2. Nc3 e6 3. d4 d5 4. g3 c6 5. Bg2 Bb4 6. Nf3 Nbd7 7. O-O O-O 8. Qc2
Bxc3 9. bxc3 Qa5 10. Nd2 e5 11. e4 dxe4 12. Nxe4 Nxe4 13. Bxe4 Nf6 14. Bg2 e4
15. d5 cxd5 16. Bg5 Ng4 17. h3 Ne5 18. Be7 Re8 19. Bb4 Qa6 20. cxd5 Nf3+ 21.
Kh1 Qh6 22. Qc1 Qh5 23. h4 Nxh4 24. gxh4 Qxh4+ 25. Kg1 Bh3 26. Bd6 Qg4 27. Bg3
e3 28. Bxh3 Qxh3 29. Re1 exf2+ 30. Kxf2 Qf5+ 31. Qf4 Qc2+ 32. Kg1 Qxc3 33. Rac1
Qa3 34. Rf1 f6 35. Rc7 Qb2 36. Qf2 Re2 37. Qf5 Qb6+ 38. Kh1 Qe3 39. Rxg7+ Kxg7
40. Qxf6+ Kg8 41. Qf7+ Kh8 1/2-1/2

[Event "Mercredi 2023.04.05 ABCD"]
[Site "Montreal CAN"]
[Date "2023.04.26"]
[Round "4"]
[White "Voskanyan, Vahagn"]
[Black "Tremblay, Alain"]
[Result "0-1"]
[WhiteElo "2127"]
[BlackElo "2103"]
[PlyCount "86"]
[EventDate "2023.04.05"]
[EventType "tourn"]
[EventRounds "5"]
[EventCountry "CAN"]

1. e4 c5 2. Nf3 Nc6 3. d4 cxd4 4. Nxd4 Nf6 5. Nc3 e5 6. Nf3 Bb4 7. Bc4 Bxc3+ 8.
bxc3 Qa5 9. Bd5 Qxc3+ 10. Bd2 Qc5 11. c4 d6 12. Rb1 O-O 13. Rb5 Qa3 14. Qb1 a6
15. Rb3 Qa4 16. O-O Nxd5 17. cxd5 Nd4 18. Nxd4 Qxd4 19. Bc3 Qc4 20. Rd1 Qe2 21.
Bb4 f5 22. Bxd6 Rf7 23. Rc3 Qh5 24. Rdc1 Bd7 25. Qxb7 Re8 26. Rc7 Qg5 27. Ba3
Qd8 28. exf5 e4 29. Qa7 e3 30. fxe3 Qg5 31. Re1 Qxf5 32. e4 Qxd5 33. Qe3 Qxa2
34. Bc5 Qe6 35. h3 h6 36. Re2 Bb5 37. Rxf7 Qxf7 38. Bb4 Qc4 39. Bc3 Qe6 40. Qg3
Qf7 41. Qg4 Qe7 42. Qg6 Qc5+ 43. Kh1 Qxc3 {illisible} 0-1

[Event "Mercredi 2023.04.05 ABCD"]
[Site "Montreal CAN"]
[Date "2023.05.03"]
[Round "5"]
[White "Allaire, Denis"]
[Black "Kozlov, Guennadi"]
[Result "1-0"]
[WhiteElo "1676"]
[BlackElo "1699"]
[PlyCount "105"]
[EventDate "2023.04.05"]
[EventType "tourn"]
[EventRounds "5"]
[EventCountry "CAN"]

1. e4 c6 2. Nf3 d5 3. Nc3 dxe4 4. Nxe4 Nd7 5. d4 Ngf6 6. Nxf6+ Nxf6 7. Bd3 g6
8. O-O Bg7 9. c3 O-O 10. Re1 Bg4 11. h3 Bxf3 12. Qxf3 e6 13. Bg5 Qd5 14. Qe3 a5
15. a4 Qd7 16. Rad1 Nd5 17. Qd2 Nb6 18. Qc2 Nd5 19. h4 Nf6 20. Qd2 Nh5 21. Bh6
Rfd8 22. Bxg7 Kxg7 23. Re5 Qe7 24. g3 Rd5 25. Rde1 Rad8 26. Bc4 Rxe5 27. Rxe5
Nf6 28. Qe2 Qc7 29. Qf3 h5 30. Bd3 Rd5 31. Re2 Qd7 32. Bc4 Rf5 33. Qe3 Ng4 34.
Qd2 Qd6 35. f4 Qd7 36. Bd3 Rd5 37. Be4 Rd6 38. Qe1 c5 39. Bf3 Qxa4 40. Rd2 cxd4
41. Bxg4 hxg4 42. Qe5+ Kh7 43. Qxd6 dxc3 44. bxc3 Qa1+ 45. Kh2 Qxc3 46. Qd3 Qc5
47. Rc2 Qb6 48. h5 Kh6 49. hxg6 fxg6 50. Qc3 Qd8 51. Rd2 Qf8 52. Kh1 b6 53.
Rh2# 1-0

[Event "Mercredi 2023.04.05 ABCD"]
[Site "Montreal CAN"]
[Date "2023.05.03"]
[Round "5"]
[White "Batorshyn, Ilia		"]
[Black "Voskanyan, Vahagn"]
[Result "1-0"]
[WhiteElo "2173"]
[BlackElo "2127"]
[PlyCount "107"]
[EventDate "2023.04.05"]
[EventType "tourn"]
[EventRounds "5"]
[EventCountry "CAN"]

1. e4 c6 2. Nf3 d5 3. Nc3 Bg4 4. h3 Bxf3 5. Qxf3 e6 6. Be2 Nd7 7. O-O Ngf6 8.
d4 dxe4 9. Nxe4 Nxe4 10. Qxe4 Nf6 11. Qd3 Qc7 12. b3 Rd8 13. Bb2 Be7 14. Rad1
O-O 15. Qf3 Qa5 16. a3 Rd7 17. c4 Rfd8 18. Rfe1 Ne8 19. Bd3 Bf6 20. Qe4 g6 21.
b4 Qc7 22. Bb1 Nd6 23. Qe2 Nf5 24. d5 Bxb2 25. Qxb2 Ne7 26. Qf6 cxd5 27. c5 Nc6
28. Ba2 Rf8 29. b5 Qd8 30. Qc3 Ne7 31. a4 Rc7 32. Qb4 Qd7 33. Rc1 Rfc8 34. Bb3
Nf5 35. Rc2 Qd8 36. g3 Qf8 37. g4 Nh4 38. Rec1 Nf3+ 39. Kg2 Ne5 40. Qd4 Nd7 41.
c6 bxc6 42. Rxc6 Rxc6 43. bxc6 Nb8 44. c7 Nd7 45. Qxa7 Qb4 46. Qa6 Qf8 47. Qb7
Ne5 48. a5 Nd3 49. Rc3 Nf4+ 50. Kf1 Kg7 51. Bd1 d4 52. Rc4 Qa3 53. Qf3 g5 54.
Qxa3 1-0

[Event "Mercredi 2023.04.05 ABCD"]
[Site "Montreal CAN"]
[Date "2023.05.03"]
[Round "5"]
[White "Beaulieu, Pierre"]
[Black "Boileau, Dominic"]
[Result "0-1"]
[WhiteElo "1850"]
[BlackElo "1766"]
[PlyCount "128"]
[EventDate "2023.04.05"]
[EventType "tourn"]
[EventRounds "5"]
[EventCountry "CAN"]

1. Nf3 d5 2. b3 Nf6 3. Bb2 e6 4. g3 Bd6 5. Bg2 O-O 6. d3 c6 7. Nbd2 Nbd7 8. O-O
Re8 9. e4 e5 10. d4 dxe4 11. Nxe5 Nxe5 12. dxe5 Bxe5 13. Bxe5 Rxe5 14. Nxe4 Qe7
15. Nxf6+ Qxf6 16. f4 Re8 17. Qd2 Bf5 18. Rad1 h5 19. c4 Rad8 20. Qf2 b6 21.
Bf3 g6 22. c5 Bh3 23. Rfe1 Rxe1+ 24. Qxe1 Rxd1 25. Qxd1 bxc5 26. Qe1 Qd4+ 27.
Kh1 Kh7 28. Bg2 Bxg2+ 29. Kxg2 c4 30. bxc4 Qxc4 31. a3 Qa2+ 32. Kh3 Qxa3 33. f5
Qd6 34. g4 hxg4+ 35. Kxg4 Qd4+ 36. Kg3 Qd3+ 37. Kg2 Qxf5 38. Qh4+ Qh5 39. Qf6
Qd5+ 40. Kg3 Qe6 41. Qh4+ Kg7 42. Qd4+ Kh7 43. Qh4+ Kg7 44. Qd4+ Qf6 45. Qxa7
Qe5+ 46. Kg2 c5 47. Qa2 Qd4 48. Qc2 c4 49. Kf3 Qd3+ 50. Qxd3 cxd3 51. Ke3 Kh6
52. Kxd3 Kh5 53. Ke3 Kg4 54. Kf2 Kh3 55. Kg1 f5 56. Kh1 f4 57. Kg1 f3 58. Kh1
g5 59. Kg1 f2+ 60. Kxf2 Kxh2 61. Kf3 Kh3 62. Kf2 g4 63. Kg1 Kg3 64. Kh1 Kf2 0-1

[Event "Mercredi 2023.04.05 ABCD"]
[Site "Montreal CAN"]
[Date "2023.05.03"]
[Round "5"]
[White "Chapdelaine, Gwyn"]
[Black "Lopez, Lizandro"]
[Result "1-0"]
[WhiteElo "1981"]
[BlackElo "2067"]
[PlyCount "47"]
[EventDate "2023.04.05"]
[EventType "tourn"]
[EventRounds "5"]
[EventCountry "CAN"]

1. e4 c5 2. Nc3 Nc6 3. Bb5 Nd4 4. Nf3 Nxb5 5. Nxb5 a6 6. Nc3 d6 7. d4 cxd4 8.
Qxd4 Nf6 9. h3 e6 10. Bg5 Be7 11. Rd1 Qc7 12. O-O O-O 13. Rfe1 b5 14. a4 Rb8
15. axb5 axb5 16. b4 h6 17. Bh4 Bd7 18. Re3 Rfc8 19. Bxf6 gxf6 20. Nh2 Kf8 21.
Rg3 Ke8 22. Rg8+ Bf8 23. Ng4 Qb6 24. Qxf6 1-0

[Event "Mercredi 2023.04.05 ABCD"]
[Site "Montreal CAN"]
[Date "2023.05.03"]
[Round "5"]
[White "Deboosere, Adam"]
[Black "Gadbois, Patrick"]
[Result "0-1"]
[WhiteElo "1884"]
[BlackElo "1895"]
[PlyCount "112"]
[EventDate "2023.04.05"]
[EventType "tourn"]
[EventRounds "5"]
[EventCountry "CAN"]

1. d4 e6 2. Nf3 d5 3. c4 c6 4. e3 Bd6 5. b3 Nd7 6. Bd3 f5 7. O-O Qe7 8. Bb2
Ngf6 9. Qc1 Ne4 10. Ba3 O-O 11. Bxd6 Qxd6 12. Qa3 c5 13. Qb2 b6 14. Nc3 Nxc3
15. Qxc3 Bb7 16. Be2 Rac8 17. Rfd1 Nf6 18. Qb2 dxc4 19. dxc5 Qxc5 20. Bxc4 Bd5
21. Rac1 Bxc4 22. Rxc4 Qe7 23. Qc2 Rxc4 24. Qxc4 Nd5 25. Nd4 Re8 26. Nxf5 Qf6
27. Nd6 Rf8 28. Ne4 Qb2 29. Qc6 Qe5 30. Rd4 Qf5 31. h3 Ne7 32. Qc4 b5 33. Qd3
Nc6 34. Rd6 Nb4 35. Qd4 Nc2 36. Qd3 Nb4 37. Qb1 Nxa2 38. Qxa2 Qxe4 39. Ra6 Rf7
40. Ra5 Qd3 41. b4 Qd1+ 42. Kh2 Qd6+ 43. g3 Qxb4 44. Rxa7 Rxa7 45. Qxa7 Qb2 46.
Kg2 b4 47. Qe7 h6 48. Qxe6+ Kh7 49. Qf5+ Kh8 50. Qf8+ Kh7 51. Qf5+ Kg8 52. e4
b3 53. e5 Qc2 54. Qf3 b2 55. e6 b1=Q 56. e7 Qe4 0-1

[Event "Mercredi 2023.04.05 ABCD"]
[Site "Montreal CAN"]
[Date "2023.05.03"]
[Round "5"]
[White "Di Matteo, Alessio"]
[Black "Beaudry, Marc-Andre"]
[Result "1/2-1/2"]
[WhiteElo "1996"]
[BlackElo "2048"]
[PlyCount "34"]
[EventDate "2023.04.05"]
[EventType "tourn"]
[EventRounds "5"]
[EventCountry "CAN"]

1. d4 Nf6 2. c4 e6 3. Nc3 Bb4 4. f3 c5 5. d5 b5 6. e4 d6 7. Nge2 bxc4 8. Ng3
exd5 9. exd5 O-O 10. Bxc4 Re8+ 11. Nge2 Bxc3+ 12. bxc3 Nbd7 13. O-O Nb6 14. Bb5
Bd7 15. Ba6 Bc8 16. Bb5 Bd7 17. Ba6 Bc8 1/2-1/2

[Event "Mercredi 2023.04.05 ABCD"]
[Site "Montreal CAN"]
[Date "2023.05.03"]
[Round "5"]
[White "Gauthier, Luc"]
[Black "Lisee, Pierre"]
[Result "1-0"]
[WhiteElo "1685"]
[BlackElo "1710"]
[PlyCount "35"]
[EventDate "2023.04.05"]
[EventType "tourn"]
[EventRounds "5"]
[EventCountry "CAN"]

1. e4 e5 2. f4 exf4 3. Nf3 d6 4. d4 g5 5. g3 g4 6. Nh4 f3 7. Be3 Be7 8. Qd2
Bxh4 9. gxh4 Qxh4+ 10. Bf2 Qf6 11. Nc3 c6 12. O-O-O Ne7 13. e5 Qg6 14. exd6 Nf5
15. Re1+ Kf8 16. Bd3 Nd7 17. Bxf5 Qxf5 18. Qh6+ 1-0

[Event "Mercredi 2023.04.05 ABCD"]
[Site "Montreal CAN"]
[Date "2023.05.03"]
[Round "5"]
[White "Lima-Barbosa, Raphael"]
[Black "Nardone, Raul"]
[Result "1-0"]
[WhiteElo "1929"]
[BlackElo "1797"]
[PlyCount "85"]
[EventDate "2023.04.05"]
[EventType "tourn"]
[EventRounds "5"]
[EventCountry "CAN"]

1. d4 f5 2. g3 Nf6 3. Bg2 e6 4. Nf3 d5 5. O-O Bd6 6. c4 c6 7. b3 Qe7 8. Nbd2
O-O 9. Ne5 Bd7 10. Ndf3 Be8 11. Nd3 Bh5 12. Nfe5 Nbd7 13. Bf4 Ne4 14. f3 Nef6
15. c5 Bb8 16. Qd2 Nxe5 17. Nxe5 Nd7 18. Nxd7 Qxd7 19. b4 Bg6 20. Rfb1 Re8 21.
Bxb8 Raxb8 22. f4 Bh5 23. a4 Bg4 24. Ra3 Bh5 25. Rab3 Kh8 26. b5 Qc7 27. b6
axb6 28. Rxb6 g5 29. fxg5 e5 30. Qb2 exd4 31. Qxd4+ Qe5 32. e3 Qxd4 33. exd4
Ra8 34. R1b4 Re1+ 35. Kf2 Re2+ 36. Kf1 Rae8 37. Rb2 R2e3 38. Rxb7 Be2+ 39. Kf2
Bc4 40. Bf3 Bd3 41. Rc7 R3e6 42. Rbb7 f4 43. gxf4 1-0

[Event "Mercredi 2023.04.05 ABCD"]
[Site "Montreal CAN"]
[Date "2023.05.03"]
[Round "5"]
[White "Singher, Jean-Pierre"]
[Black "Cardin, Guillaume"]
[Result "0-1"]
[WhiteElo "2022"]
[BlackElo "2084"]
[PlyCount "42"]
[EventDate "2023.04.05"]
[EventType "tourn"]
[EventRounds "5"]
[EventCountry "CAN"]

1. d4 d5 2. Nf3 Nf6 3. e3 c6 4. Nbd2 Bf5 5. b3 e6 6. Bb2 Bd6 7. Be2 O-O 8. O-O
h6 9. Ne5 Nbd7 10. f4 Ne4 11. Ndf3 Qe7 12. c4 Rfd8 13. g4 Bh7 14. Nd3 dxc4 15.
bxc4 c5 16. Nf2 Ndf6 17. Nd2 cxd4 18. Nfxe4 Bxe4 19. exd4 Bc6 20. Bd3 Qc7 21.
d5 Qb6+ 0-1

[Event "Mercredi 2023.04.05 ABCD"]
[Site "Montreal CAN"]
[Date "2023.05.03"]
[Round "5"]
[White "Tremblay, Alain"]
[Black "Genzling, Jerome"]
[Result "0-1"]
[WhiteElo "2103"]
[BlackElo "2147"]
[PlyCount "76"]
[EventDate "2023.04.05"]
[EventType "tourn"]
[EventRounds "5"]
[EventCountry "CAN"]

1. Nf3 d5 2. d4 e6 3. c4 a6 4. cxd5 exd5 5. Nc3 c6 6. Qc2 Nf6 7. Bg5 Be7 8. e3
O-O 9. Bd3 b6 10. Bh4 Re8 11. O-O Nbd7 12. a3 Ne4 13. Bxe7 Qxe7 14. Bxe4 dxe4
15. Nd2 Nf6 16. Rae1 c5 17. dxc5 Qxc5 18. Rc1 Qe5 19. Ne2 b5 20. Qc3 Qg5 21.
Qc5 Qg4 22. Ng3 h5 23. h3 Qg6 24. Kh1 Be6 25. Qb4 Bd5 26. Ne2 Rad8 27. Qa5 Rd6
28. Qc7 Red8 29. Rc5 Ba2 30. Nd4 Bd5 31. Qa5 Qg5 32. Nc6 R8d7 33. Nb8 Rb7 34.
Rc8+ Kh7 35. Qc3 Be6 36. Rc6 Qd5 37. Rxd6 Qxd6 38. Nc6 Rc7 0-1

[Event "Mercredi 2023.05.10 ABCD"]
[Site "Montreal CAN"]
[Date "2023.05.10"]
[Round "1"]
[White "Allaire, Denis"]
[Black "Baran, Marius"]
[Result "0-1"]
[WhiteElo "1745"]
[BlackElo "1749"]
[PlyCount "112"]
[EventDate "2023.05.10"]
[EventType "tourn"]
[EventRounds "5"]
[EventCountry "CAN"]

1. e4 d5 2. exd5 Nf6 3. d4 Nxd5 4. c4 Nb6 5. Nf3 Bg4 6. c5 Nd5 7. Qb3 Bc8 8.
Bc4 e6 9. Nc3 c6 10. Bg5 Be7 11. Bxe7 Qxe7 12. Ne4 O-O 13. O-O Nd7 14. Bxd5
cxd5 15. Ng3 Nb8 16. Qc3 Nc6 17. b4 a6 18. Rfe1 Qc7 19. a4 Bd7 20. Ne5 Nxe5 21.
Rxe5 b6 22. Nh5 f6 23. Re3 Be8 24. Ng3 Bf7 25. Rc1 Rfd8 26. Ne2 Qc6 27. cxb6
Qxb6 28. Qc5 Rab8 29. Nf4 e5 30. dxe5 fxe5 31. Qxb6 Rxb6 32. Rxe5 Rxb4 33. g3
Rxa4 34. Rc7 Re4 35. Rf5 Rf8 36. Nxd5 Bxd5 37. Rxd5 Re1+ 38. Kg2 Re2 39. Rdd7
Rexf2+ 40. Kg1 R8f7 41. Rxf7 Rxf7 42. Rc8+ Rf8 43. Rc5 Ra8 44. Ra5 Kf7 45. Kf2
Ke6 46. Ke3 Kd6 47. Kd4 Kc6 48. Kc4 Kb6 49. Kb4 Re8 50. Rg5 Re4+ 51. Kb3 g6 52.
h4 a5 53. g4 Rb4+ 54. Ka3 Rb5 55. Rxb5+ Kxb5 56. Kb3 h6 0-1

[Event "Mercredi 2023.05.10 ABCD"]
[Site "Montreal CAN"]
[Date "2023.05.10"]
[Round "1"]
[White "Avarian, Sevag"]
[Black "Bain-Thouvarez, Aurelien"]
[Result "1-0"]
[WhiteElo "1902"]
[BlackElo "1833"]
[PlyCount "68"]
[EventDate "2023.05.10"]
[EventType "tourn"]
[EventRounds "5"]
[EventCountry "CAN"]

1. e4 e5 2. Nf3 Nc6 3. d4 exd4 4. Nxd4 Nf6 5. Nxc6 bxc6 6. e5 Qe7 7. Qe2 Nd5 8.
h4 d6 9. c4 Ba6 10. Qe4 Nb4 11. a3 d5 12. cxd5 cxd5 13. Qf4 Nc2+ 14. Kd1 Bxf1
15. Qa4+ Qd7 16. Qxc2 Bxg2 17. Rg1 Bh3 18. Rg3 Bf5 19. Qb3 c5 20. Bf4 c4 21.
Qf3 Be4 22. Qe3 Qa4+ 23. Ke1 Bb4+ 24. Nc3 Bd3 25. Rc1 Bxc3+ 26. Rxc3 Qb5 27. b4
Rd8 28. Qxa7 d4 29. e6 Bg6 30. Rxg6 O-O 31. Rxg7+ Kxg7 32. Rg3+ Kh8 33. Bg5
Qe5+ 34. Kf1 Rde8 1-0

[Event "Mercredi 2023.05.10 ABCD"]
[Site "Montreal CAN"]
[Date "2023.05.10"]
[Round "1"]
[White "Beaudry, Marc-Andre"]
[Black "Guillemette, Hugo"]
[Result "0-1"]
[WhiteElo "2022"]
[BlackElo "2086"]
[PlyCount "84"]
[EventDate "2023.05.10"]
[EventType "tourn"]
[EventRounds "5"]
[EventCountry "CAN"]

1. c4 e6 2. g3 c5 3. Nf3 b6 4. Bg2 Bb7 5. O-O Nf6 6. Nc3 a6 7. b3 Be7 8. Bb2
O-O 9. d4 cxd4 10. Qxd4 d6 11. e4 Nbd7 12. Rad1 Qc7 13. Rfe1 Rfd8 14. Qe3 Rac8
15. h3 Bf8 16. Nd4 g6 17. Kh2 Ne5 18. Qe2 Bg7 19. f4 Nc6 20. Nc2 Nd7 21. Ne3
Nd4 22. Qf2 Nc5 23. Nc2 Nxc2 24. Qxc2 Qb8 25. Qe2 Bc6 26. b4 Na4 27. Nxa4 Bxa4
28. Rc1 Bc6 29. Bxg7 Kxg7 30. Qb2+ e5 31. Rf1 f6 32. h4 Qb7 33. Qe2 a5 34. a3
Qe7 35. Rc3 axb4 36. axb4 b5 37. c5 exf4 38. Rxf4 d5 39. Qf2 dxe4 40. Re3 Rd4
41. Qb2 Rcd8 42. Qa1 Rxb4 0-1

[Event "Mercredi 2023.05.10 ABCD"]
[Site "Montreal CAN"]
[Date "2023.05.10"]
[Round "1"]
[White "Beaulieu, Pierre"]
[Black "Jia, Zhe"]
[Result "1/2-1/2"]
[WhiteElo "1868"]
[BlackElo "1842"]
[PlyCount "120"]
[EventDate "2023.05.10"]
[EventType "tourn"]
[EventRounds "5"]
[EventCountry "CAN"]

1. Nf3 d5 2. b3 Nf6 3. Bb2 e6 4. d3 Nbd7 5. Nbd2 Be7 6. g3 b6 7. Bg2 Bb7 8. O-O
Rb8 9. Re1 O-O 10. e4 dxe4 11. dxe4 c5 12. c4 h6 13. Qc2 Qc7 14. e5 Nh7 15. h4
Rfd8 16. Rad1 Rbc8 17. Ne4 Bxe4 18. Qxe4 Nb8 19. Nh2 Nf8 20. Ng4 h5 21. Ne3 Rd7
22. Rxd7 Nfxd7 23. Bf3 g6 24. Rd1 Bf8 25. Be2 Nc6 26. f4 Ndb8 27. g4 Rd8 28.
gxh5 Rxd1+ 29. Nxd1 Ne7 30. hxg6 fxg6 31. h5 gxh5 32. Qg2+ Kh8 33. Qg5 Nf5 34.
Qxh5+ Kg8 35. Qg6+ Qg7 36. Qxg7+ Bxg7 37. Bd3 Ne7 38. Kg2 Kf7 39. Nf2 Nd7 40.
Ne4 Bh6 41. Nd6+ Kg8 42. f5 Bf4 43. f6 Nc6 44. Bg6 Ncxe5 45. Bxe5 Bxe5 46. Bf7+
Kf8 47. Bxe6 Bxd6 48. Bxd7 Kf7 49. Kf3 Kxf6 50. Ke4 Ke7 51. Bg4 Kd8 52. Kd5 Kc7
53. a3 Bf8 54. Ke6 Bd6 55. Bf3 Bf8 56. Kf7 Bd6 57. Ke8 a6 58. Be4 a5 59. Kf7
Bf4 60. Ke6 Bc1 1/2-1/2

[Event "Mercredi 2023.05.10 ABCD"]
[Site "Montreal CAN"]
[Date "2023.05.10"]
[Round "1"]
[White "Chapdelaine, Gwyn"]
[Black "Adam, Rafael"]
[Result "1/2-1/2"]
[WhiteElo "2115"]
[BlackElo "2181"]
[PlyCount "78"]
[EventDate "2023.05.10"]
[EventType "tourn"]
[EventRounds "5"]
[EventCountry "CAN"]

1. e4 e5 2. Nf3 Nc6 3. d4 exd4 4. Bc4 Nf6 5. e5 d5 6. Bb5 Ne4 7. Nxd4 Bc5 8.
Be3 Bd7 9. Bxc6 bxc6 10. O-O O-O 11. f3 Ng5 12. f4 Ne4 13. Nd2 Nxd2 14. Qxd2 f6
15. Rae1 fxe5 16. fxe5 Rxf1+ 17. Rxf1 Qe7 18. Nf5 Qg5 19. Qf2 Bxe3 20. Nxe3 Be6
21. Nf5 Bxf5 22. Qxf5 Qxf5 23. Rxf5 Rf8 24. Rh5 Rf4 25. Rh3 Rc4 26. Ra3 Rxc2
27. Rxa7 Rxb2 28. Rxc7 Rxa2 29. Rxc6 Re2 30. e6 Kf8 31. Rd6 Re5 32. Kf2 Ke7 33.
Rd7+ Kxe6 34. Rxg7 Rh5 35. h3 Kd6 36. Ke3 Kc5 37. Kd3 Rh4 38. Rc7+ Kd6 39. Rg7
Kc5 1/2-1/2

[Event "Mercredi 2023.05.10 ABCD"]
[Site "Montreal CAN"]
[Date "2023.05.10"]
[Round "1"]
[White "Chasles, Jean-Benoit"]
[Black "Nardone, Raul"]
[Result "0-1"]
[WhiteElo "1824"]
[BlackElo "1765"]
[PlyCount "42"]
[EventDate "2023.05.10"]
[EventType "tourn"]
[EventRounds "5"]
[EventCountry "CAN"]

1. e4 c5 2. Nf3 e6 3. d4 cxd4 4. Nxd4 a6 5. Be3 Nf6 6. f3 Qc7 7. Bd3 d5 8. Nd2
Nc6 9. Nxc6 bxc6 10. Qe2 Bd6 11. g4 Bb7 12. Bg5 Be5 13. Rb1 h5 14. gxh5 Nxh5
15. Qg2 Nf4 16. Bxf4 Bxf4 17. a3 O-O-O 18. h3 Rh5 19. Qxg7 Rg5 20. Qd4 dxe4 21.
Qxe4 Re5 0-1

[Event "Mercredi 2023.05.10 ABCD"]
[Site "Montreal CAN"]
[Date "2023.05.10"]
[Round "1"]
[White "Destree, Frederic"]
[Black "Boileau, Dominic"]
[Result "1/2-1/2"]
[WhiteElo "1809"]
[BlackElo "1790"]
[PlyCount "107"]
[EventDate "2023.05.10"]
[EventType "tourn"]
[EventRounds "5"]
[EventCountry "CAN"]

1. Nf3 d5 2. g3 Nf6 3. Bg2 e6 4. O-O c5 5. d3 Nc6 6. Nbd2 Be7 7. Re1 O-O 8. e4
Re8 9. e5 Nd7 10. h4 Qc7 11. Qe2 b6 12. h5 Bb7 13. Nf1 Rac8 14. N1h2 Nd4 15.
Qd1 Nxf3+ 16. Nxf3 d4 17. Bf4 b5 18. Qd2 Nb6 19. Bg5 Bf8 20. Rac1 h6 21. Bf4
Nd5 22. c3 Nxf4 23. Qxf4 dxc3 24. Rxc3 b4 25. Rc2 Be7 26. Nd2 Bd5 27. Bxd5 exd5
28. Qg4 Bf8 29. b3 Qb7 30. Nf3 Qb5 31. Qf5 Rc6 32. Rec1 Rec8 33. Kg2 a5 34. g4
a4 35. g5 g6 36. hxg6 fxg6 37. Qd7 Qxd3 38. Rd2 Qf5 39. Qxf5 gxf5 40. Rxd5 axb3
41. axb3 hxg5 42. Nxg5 Bh6 43. f4 c4 44. bxc4 Rxc4 45. Rxc4 Rxc4 46. Rb5 Bxg5
47. fxg5 Rg4+ 48. Kf3 Kf7 49. Rb6 Re4 50. Rf6+ Kg7 51. Rxf5 Re1 52. Rf6 Rxe5
53. Rb6 Rxg5 54. Rxb4 1/2-1/2

[Event "Mercredi 2023.05.10 ABCD"]
[Site "Montreal CAN"]
[Date "2023.05.10"]
[Round "1"]
[White "Di Matteo, Alessio"]
[Black "Deboosere, Adam"]
[Result "0-1"]
[WhiteElo "1955"]
[BlackElo "1903"]
[PlyCount "92"]
[EventDate "2023.05.10"]
[EventType "tourn"]
[EventRounds "5"]
[EventCountry "CAN"]

1. d4 Nf6 2. c4 e6 3. Nc3 Bb4 4. f3 d5 5. a3 Bxc3+ 6. bxc3 b6 7. cxd5 exd5 8.
e3 O-O 9. Bd3 Re8 10. Ne2 Ba6 11. O-O Qc8 12. Ng3 Bxd3 13. Qxd3 Qa6 14. Qxa6
Nxa6 15. Re1 c5 16. Bb2 Nc7 17. e4 Ne6 18. Rad1 c4 19. Bc1 h6 20. Nf5 Rad8 21.
a4 g6 22. Nxh6+ Kg7 23. e5 Nh5 24. g3 f5 25. exf6+ Nxf6 26. Ng4 Nxg4 27. fxg4
Nf8 28. Kg2 Re6 29. Bf4 Rde8 30. Rxe6 Nxe6 31. Be5+ Kg8 32. h4 Nd8 33. g5 Nf7
34. Re1 Nd6 35. g4 Ne4 36. Re3 Rf8 37. Bg3 a6 38. Be1 Rb8 39. h5 a5 40. Bg3 Rb7
41. Be1 b5 42. axb5 Rxb5 43. Re2 Rb1 44. h6 a4 45. Bh4 a3 46. Ra2 Rb2+ 0-1

[Event "Mercredi 2023.05.10 ABCD"]
[Site "Montreal CAN"]
[Date "2023.05.10"]
[Round "1"]
[White "Plante, Michel"]
[Black "Lima-Barbosa, Raphael"]
[Result "0-1"]
[WhiteElo "1902"]
[BlackElo "1894"]
[PlyCount "50"]
[EventDate "2023.05.10"]
[EventType "tourn"]
[EventRounds "5"]
[EventCountry "CAN"]

1. f4 d5 2. Nf3 Nf6 3. e3 c5 4. b3 g6 5. Bb2 Bg7 6. Be2 O-O 7. O-O Nc6 8. Ne5
d4 9. Nxc6 bxc6 10. Bf3 Nd5 11. Bxd5 Qxd5 12. Qf3 Qxf3 13. gxf3 Bh3 14. Re1
Rfd8 15. e4 Bh6 16. Ba3 Bxf4 17. Bxc5 Rd7 18. Ba3 Rb8 19. Bc1 Rb5 20. Kh1 d3
21. c3 Rh5 22. Rg1 Rd6 23. Na3 g5 24. Bb2 Bf1 25. Rgxf1 Rxh2+ 0-1

[Event "Mercredi 2023.05.10 ABCD"]
[Site "Montreal CAN"]
[Date "2023.05.10"]
[Round "1"]
[White "Singher, Jean-Pierre"]
[Black "Mok, Yuen Tak"]
[Result "0-1"]
[WhiteElo "2045"]
[BlackElo "2048"]
[PlyCount "60"]
[EventDate "2023.05.10"]
[EventType "tourn"]
[EventRounds "5"]
[EventCountry "CAN"]

1. d4 d5 2. Bf4 c5 3. e3 Nc6 4. Nf3 Nf6 5. Nbd2 Qb6 6. dxc5 Qxb2 7. Be2 g6 8.
c4 Bg7 9. Rb1 Qxa2 10. O-O O-O 11. Ne5 Rd8 12. Qc1 Ne4 13. Nxe4 dxe4 14. Nxc6
bxc6 15. Rd1 Be6 16. Bc7 Rxd1+ 17. Qxd1 Bxc4 18. Bxc4 Qxc4 19. Bb8 Qd3 20. Qe1
Qd8 21. Qb4 Qc8 22. h3 a5 23. Qb6 a4 24. Ba7 a3 25. Qa5 Bb2 26. Rd1 Qb7 27.
Rd8+ Rxd8 28. Qxd8+ Kg7 29. Qb6 Qxb6 30. cxb6 a2 0-1